000 00212 a2200097 4500
001 47468
100 _aGellhorn M
245 _athe face of war
260 _aLondon
_bRupert hart Davis
_c
090 _c30491
_d30491
942 _aNUST-CAE
_cM
_c22771
999 _c282541
_d282541